| 000 | 00903nas a2200301 4500 | ||
|---|---|---|---|
| 001 | BR2013005490 | ||
| 003 | BR-BrBNA | ||
| 005 | 20231205122649.0 | ||
| 007 | ta | ||
| 008 | 230509b bl.|||p| |||| 00| 00por d | ||
| 040 |
_aBR-BrBNA _bpor _cBiblioteca Nacional de Agricultura |
||
| 041 | _a(Pt) | ||
| 072 | _aF02 | ||
| 100 | 1 | _aMoura, L.C. de | |
| 100 | 1 | _aTiton, M. | |
| 100 | 1 | _aMiranda, N.A. | |
| 100 | 1 | _aMoreira, T.P. | |
| 100 | 1 | _aOliveira, M.L.R. de | |
| 245 | 1 | _aMultiplicação e alongamento in vitro de vinhático (Plathymenia reticulata) | |
| 650 | _aMIMOSOIDEAE | ||
| 650 | _aEXPLANTE | ||
| 650 | _aCULTIVO IN VITRO | ||
| 650 | _aPROPAGAÇÃO VEGETATIVA | ||
| 650 | _aREGULADOR DE CRESCIMENTO | ||
| 773 | 0 |
_tScientia Forestalis (Brazil) _xISSN 1413-9324 _g(Dec 2012), v. 40(96) p. 499-505 _wBR2013005490 |
|
| 909 |
_a202311 _bLúcia _c55 _dLúcia Elande |
||
| 942 |
_2AGRIS _n0 _cANA |
||
| 999 |
_c229858 _d229858 |
||